عرض عادي
عرض مارك
- Olson, Liesl.
مدخل إسم شخص
001 - رقم الضبط
- حقل الضبط: 8690
003 - معرف رقم الضبط
- حقل الضبط: OSt
005 - تاريخ ووقت أخر عملية
- حقل الضبط: 20111217082939.0
008 - عناصر بيانات ثابتة الطول
- حقل تحكم ثابت الطول: 111217|||a|||||| | ||| d
040 ## - مصدر الفهرسة
- هيئة الفهرسة الأصلية: OSt
- وكالة الكتابة: OSt
100 ## - مدخل -- أسم شخص
- إسم شخص: Olson, Liesl.
670 ## - بيانات المصدر موجوده
- الاستشهاد بالمصدر: Work cat.: (OSt)0: Olson, Liesl., Modernism and the ordinary /, 2009.
